000 00878nam a2200253 i 4500
005 20200104041541.0
008 140312s2003 xxc|||||r|||| 00| 0 spa d
020 _a2980709859
040 _aCO-BoIAVH
_cCO-BoIAVH
041 _aspa
044 _acn
082 0 4 _a333.95416
_bL35p
100 1 _aLapointe, Eugéne
245 1 0 _aPanorama sobre los recursos silvestres de la tierra :
_buna visión sobre la conservación mundial /
_cEugene Lapointe.
260 _aQuebec :
_bWorld Consrvation Trust ,
_c2003.
300 _a189 páginas
_c23 cm.
650 1 4 _aConservación de la vida silvestre
650 2 4 _aConservación de especies
650 2 4 _aConservacón de los recursos marinos
650 2 4 _aConservacón de los recursos naturales
650 2 4 _aProtección del medio ambiente
942 _cLIBRO
_2ddc
945 _d2004-01-27
999 _c3606
_d3606